National parks of Montana & Wyoming : a pictorial guidebook
Αποθηκεύτηκε σε:
| Μορφή: | Βιβλίο |
|---|---|
| Γλώσσα: | English |
| Δημοσίευση: |
[Montana] :
Billings News Inc.,
1994
|
| Θέματα: | |
| Ετικέτες: |
Προσθήκη ετικέτας
Δεν υπάρχουν, Καταχωρήστε ετικέτα πρώτοι!
|
MARC
| LEADER | 00000cam a2200000 i 4500 | ||
|---|---|---|---|
| 001 | 1/23312 | ||
| 008 | 060201s1994 eng d | ||
| 020 | |a 1-56944-045-X | ||
| 035 | |l 10082389 | ||
| 040 | |a GR-MY-UA |b gre |e aacr | ||
| 041 | 0 | |a eng | |
| 082 | 0 | |a 917.3 |2 (22) | |
| 245 | 1 | 0 | |a National parks of Montana & Wyoming : |b a pictorial guidebook |
| 260 | |a [Montana] : |b Billings News Inc., |c 1994 | ||
| 300 | |a 32 σ.; |b εγχρ. εικ.; |c 25 εκ. | ||
| 650 | 0 | 0 | |a National parks and reserves |z United States |x Guidebooks. |
| 651 | 0 | |a United States |x Description and travel. | |
| 852 | |a INST |b RHODES |c KRI |e 20060201 |h 917.3 NAT |p 005400021651 |q 005400021651 |t REF |y 23 | ||
| 901 | |a BIBL4-2006-1 | ||
| 909 | |a Ρ |b 122991 | ||
| 970 | |a ΚΟΖΑ |b ΜΑΡΙΑ |z 2006/02/01 | ||